[Event "IECC O email"]
[Site "IECC email"]
[Date "2000.07.09"]
[Round "?"]
[White "Van Looijengoed, Eric"]
[Black "Gibson, Elbert"]
[Result "1-0"]
[WhiteElo "1000"]
[BlackElo "995"]
[PlyCount "29"]
[EventDate "2000.??.??"]
[EventType "tourn (corr)"]
[EventRounds "6"]
[SourceTitle "Corr 2008"]
[Source "ChessBase"]
[SourceDate "2008.06.24"]
[SourceVersion "1"]
[SourceVersionDate "2008.06.24"]
[SourceQuality "1"]

1. e4 e5 2. Nf3 d5 3. Nxe5 Bc5 4. Nc3 Qf6 5. Nf3 Ne7 6. Bb5+ c6 7. Be2 Bg4 8. 0-0 Bxf3 9. Bxf3 Qh4 10. Qe2 Bd4 11. d3 Bxc3 12. bxc3 0-0 13. Rb1 Re8 14. Bb2 Ng6 15. c4 1-0